| 000 | 00573nab a2200157 4500 | ||
|---|---|---|---|
| 003 | ES-SlBCS | ||
| 005 | 20210327231242.0 | ||
| 008 | 160909s2015 bl ||||| |||| 00| 0 por d | ||
| 040 |
_aES-SlBCS _bspa |
||
| 100 | 1 |
_aSoares Zuin, Antônio Álvaro _9411223 |
|
| 245 | 1 | 2 |
_aA autoridade pedagógica em tempos de cultura digital _cAntônio Álvaro Soares Zuin |
| 246 | 1 | 1 | _aPedagogical authority in the age of digital culture |
| 650 | 0 | 0 |
_aCultura Digital _9204026 |
| 773 | 0 |
_gVol. 29, Nº 58, 2015, págs. 745-769 _tEducaçao e Filosofia _wRev1534 _x0102-6801 |
|
| 942 |
_2lcc _cAR |
||
| 999 |
_c858494 _d858494 |
||